000 00766nam a22002057a 4500
999 _c61732
_d61732
005 20240424171718.0
008 240424s2008 eng||||| |||| 00| 0 eng d
020 _a978-0071422925x
041 _aeng
080 _a616.89 C-95
245 _aCURRENT Diagnosis & Treatment Psychiatry /
_cEdited Michael Ebert, Peter Loosen, Barry Nurcombe, James Leckman.
250 _aEdition Edition
264 _aNew York :
_bMcGraw-Hill,
_c2008.
300 _a740 p.;
_b24 cm.
700 _aEbert, Michael
_eრედაქტორი
_921922
700 _aLoosen, Peter
_eრედაქტორი
_921923
700 _aNurcombe, Barry
_eრედაქტორი
_921924
700 _aLeckman, James
_eრედაქტორი
_921925
942 _2udc
_cᲬᲘᲒᲜᲘ